| 000 | 00493nam a22001937a 4500 | ||
|---|---|---|---|
| 999 |
_c358 _d358 |
||
| 003 | OSt | ||
| 005 | 20180816180215.0 | ||
| 008 | 180816b ||||| |||| 00| 0 eng d | ||
| 020 | _a1903725240 | ||
| 040 | _cDLC | ||
| 082 |
_a791.4 _bK23W |
||
| 100 | _aKayiwa, Simeon | ||
| 245 |
_aWorking Miracles: _b[Foreword By Tony Morton] _cSimeon Kayiwa |
||
| 260 |
_aChichester, UK _bNew Wine Press _cc2003 |
||
| 300 | _a158 p.: | ||
| 630 | _aHealers | ||
| 650 |
_aAccidents _xVitality |
||
| 942 |
_2ddc _cBK |
||